Mirae suavitatis (sur Pascal) (notice n° 1770145)

détails MARC
000 -LEADER
fixed length control field 02262cam a2200169 4500500
005 - DATE AND TIME OF LATEST TRANSACTION
control field 20260322012119.0
041 ## - LANGUAGE CODE
Language code of text/sound track or separate title fre
042 ## - AUTHENTICATION CODE
Authentication code dc
100 10 - MAIN ENTRY--PERSONAL NAME
Personal name Lavernhe-Grosset, Anita
Relator term author
245 00 - TITLE STATEMENT
Title Mirae suavitatis (sur Pascal)
260 ## - PUBLICATION, DISTRIBUTION, ETC.
Date of publication, distribution, etc. 2026.<br/>
500 ## - GENERAL NOTE
General note 13
520 ## - SUMMARY, ETC.
Summary, etc. Pascal inspire une parole brûlante et non la douceur. Or, son concept théologique s’oppose à l’interprétation mondaine de la douceur. Car l’augustinisme, selon la grâce, la liberté et la volonté humaines, fait de la douceur de Dieu, une violence nécessaire à la Conversion du pécheur. La Vie de monsieur Pascal par sa sœur, Gilberte Périer, de même la Prière pour demander à Dieu le bon usage des maladies témoignent d’une conception de la douceur divine comme pénitence, qui ouvrira l’accès à la consolation du pécheur. Les Pensées s’adressent ainsi à une humanité condamnée par la transmission du péché originel d’Adam à l’espèce entière, désormais attachée à ce qui la détruit, et que, seule, dans son avènement de douceur, la souffrance christique de la Rédemption pourrait sauver d’une vie déjà minée par la mort.
520 ## - SUMMARY, ETC.
Summary, etc. Pascal inspires burning words rather than douceur. Indeed, his theological concept contrasts with the worldly interpretation of douceur. Because Augustinianism, centred on grace, freedom and human free will, makes God’s gentleness a necessary violence for the Conversion du pécheur (Conversion of the Sinner). La Vie de monsieur Pascal by his sister Gilberte Périer, as well as the Prière pour demander à Dieu le bon usage des maladies (Prayer to ask God for the Proper Use of Illness) reveal a conception of divine gentleness as penance, which opens the way to consolation for the sinner. In this sense, Pascal’s Pensées address a humanity condemned by the transmission of Adam’s original sin to the entire species, now attached to what destroys it, and which only the redemptive suffering of Christ, in his avènement de douceur (gentle advent), can save from a life already undermined by death.
786 0# - DATA SOURCE ENTRY
Note Littérature | 221 | 1 | 2026-03-04 | p. 40-49 | 0047-4800
856 41 - ELECTRONIC LOCATION AND ACCESS
Uniform Resource Identifier <a href="https://shs.cairn.info/revue-litterature-2026-1-page-40?lang=fr&redirect-ssocas=7080">https://shs.cairn.info/revue-litterature-2026-1-page-40?lang=fr&redirect-ssocas=7080</a>

Pas d'exemplaire disponible.

PLUDOC

PLUDOC est la plateforme unique et centralisée de gestion des bibliothèques physiques et numériques de Guinée administré par le CEDUST. Elle est la plus grande base de données de ressources documentaires pour les Étudiants, Enseignants chercheurs et Chercheurs de Guinée.

Adresse

627 919 101/664 919 101

25 boulevard du commerce
Kaloum, Conakry, Guinée

Réseaux sociaux

Powered by Netsen Group @ 2025